[Event "2nd GMA World Cup prel  #2"]
[Site "Moscow URS"]
[Date "1989.??.??"]
[Round "1"]
[White "Lputian, Smbat"]
[Black "Campora, Daniel Hugo"]
[Result "0-1"]
[WhiteElo "2610"]
[BlackElo "2500"]
[EventDate "1989.05.??"]
[PlyCount "78"]

1.d4 d5 2.c4 e6 3.Nc3 Be7 4.cxd5 exd5 5.Bf4 c6 6.e3 Nd7 7.Bd3 Nf8 8.Nf3 
Ng6 9.Bg3 Nh6 10.Qc2 Nh4 11.Nxh4 Bxh4 12.b4 a6 13.a4 g6 14.O-O O-O 15.b5 
Bxg3 16.hxg3 axb5 17.axb5 Bf5 18.bxc6 bxc6 19.Na4 Bxd3 20.Qxd3 Nf5 21.Qc3 
Qd6 22.g4 Ne7 23.Nc5 h6 24.g3 Rfc8 25.Rae1 Rc7 26.Qd2 Qf6 27.e4 dxe4 28.
Rxe4 Kh7 29.Kg2 Kg7 30.Re5 Ra3 31.Qe2 Nd5 32.Rh1 Rca7 33.Ne4 Qd8 34.Qd2 
Ne3+ 35.Kh3 Nc4 36.Qf4 Nxe5 37.dxe5 Ra1 38.Rxa1 Rxa1 39.e6 f6 0-1

[Event "2nd GMA World Cup prel  #2"]
[Site "Moscow URS"]
[Date "1989.??.??"]
[Round "1"]
[White "Tukmakov, Vladimir"]
[Black "Zaichik, Gennadi"]
[Result "1/2-1/2"]
[WhiteElo "2590"]
[BlackElo "2500"]
[EventDate "1989.05.??"]
[PlyCount "65"]

1.d4 Nf6 2.c4 e6 3.Nf3 a6 4.Nc3 c5 5.Bg5 cxd4 6.Nxd4 h6 7.Bh4 Be7 8.e3 b6 
9.Be2 Bb7 10.O-O O-O 11.Bf3 Ra7 12.Rc1 Nc6 13.Bg3 Nxd4 14.exd4 d5 15.c5 
bxc5 16.dxc5 Bxc5 17.Nxd5 Bxd5 18.Bxd5 Bxf2+ 19.Bxf2 Rd7 20.Bxe6 Rxd1 21.
Rcxd1 Qa5 22.Bb3 Re8 23.Bd4 Re2 24.Bc4 Rc2 25.Bb3 Rd2 26.Rxd2 Qxd2 27.Bxf6
Qe3+ 28.Kh1 gxf6 29.Bc4 a5 30.a4 Kg7 31.b3 Qe4 32.h3 h5 33.Rd1 1/2-1/2

[Event "2nd GMA World Cup prel  #2"]
[Site "Moscow URS"]
[Date "1989.??.??"]
[Round "1"]
[White "Malisauskas, Vidmantas"]
[Black "Psakhis, Lev"]
[Result "1/2-1/2"]
[WhiteElo "2500"]
[BlackElo "2585"]
[EventDate "1989.05.??"]
[PlyCount "54"]

1.e4 e5 2.Nf3 Nc6 3.Bb5 a6 4.Bxc6 dxc6 5.O-O f6 6.d4 exd4 7.Nxd4 c5 8.Nb3 
Qxd1 9.Rxd1 Bg4 10.f3 Be6 11.Be3 b6 12.Nc3 Bd6 13.a4 Kf7 14.a5 c4 15.Nd4 
b5 16.Nxe6 Kxe6 17.Ne2 Ne7 18.Bf4 Be5 19.Nd4+ Kf7 20.Bxe5 fxe5 21.Nf5 Nxf5
22.exf5 Rad8 23.Kf2 Kf6 24.g4 h5 25.Rxd8 Rxd8 26.Ke3 Rd4 27.Rg1 c3 1/2-1/2

[Event "2nd GMA World Cup prel  #2"]
[Site "Moscow URS"]
[Date "1989.??.??"]
[Round "1"]
[White "Chernin, Alexander"]
[Black "Farago, Ivan"]
[Result "1-0"]
[WhiteElo "2580"]
[BlackElo "2495"]
[EventDate "1989.05.??"]
[PlyCount "103"]

1.d4 Nf6 2.c4 e6 3.Nc3 Bb4 4.Qc2 d5 5.a3 Bxc3+ 6.Qxc3 Ne4 7.Qc2 c5 8.dxc5 
Nc6 9.cxd5 exd5 10.Nf3 Qa5+ 11.Bd2 Nxd2 12.Qxd2 Qxc5 13.b4 Qd6 14.e3 O-O 
15.Be2 Be6 16.O-O Rfc8 17.Qb2 a5 18.b5 Nb8 19.Rfd1 Nd7 20.Nd4 Nf6 21.h3 h6
22.Bf3 Rc4 23.Rdc1 Rac8 24.Rxc4 Rxc4 25.Be2 Rc8 26.Nb3 b6 27.Nd4 Bd7 28.
Bd3 Qe5 29.Rc1 Rc5 30.Rxc5 bxc5 31.b6 Bc8 32.Qc3 Qd6 33.Qxa5 cxd4 34.Qa8 
Qf8 35.exd4 Nd7 36.b7 Bxb7 37.Qxb7 Qxa3 38.Qxd7 Qxd3 39.Qd8+ Kh7 40.Qxd5 
Kg6 41.g3 f6 42.Kg2 Qe2 43.g4 Qe7 44.h4 Kh7 45.h5 Qe2 46.Kg3 Qd3+ 47.f3 
Qc3 48.Qe4+ Kg8 49.Qe8+ Kh7 50.Qe4+ Kg8 51.Kf4 Kf7 52.Qd5+ 1-0

[Event "2nd GMA World Cup prel  #2"]
[Site "Moscow URS"]
[Date "1989.??.??"]
[Round "1"]
[White "Dokhoian, Yury"]
[Black "Marjanovic, Slavoljub"]
[Result "1/2-1/2"]
[WhiteElo "2575"]
[BlackElo "2490"]
[EventDate "1989.05.??"]
[PlyCount "47"]

1.d4 Nf6 2.c4 e6 3.Nf3 b6 4.Nc3 Bb4 5.Bg5 Bb7 6.e3 h6 7.Bh4 Bxc3+ 8.bxc3 
d6 9.Nd2 g5 10.Bg3 Qe7 11.h4 Rg8 12.hxg5 hxg5 13.Be2 Nc6 14.Qa4 O-O-O 15.
Bf3 Qd7 16.Rh6 Na5 17.Bxb7+ Kxb7 18.Qxd7 Nxd7 19.Ke2 Rg7 20.Kd3 Nc6 21.e4 
Ne7 22.Rah1 Rdg8 23.Rh7 Ng6 24.Rxg7 1/2-1/2

[Event "2nd GMA World Cup prel  #2"]
[Site "Moscow URS"]
[Date "1989.??.??"]
[Round "1"]
[White "Zapata, Alonso"]
[Black "De Firmian, Nick"]
[Result "0-1"]
[WhiteElo "2490"]
[BlackElo "2570"]
[EventDate "1989.05.??"]
[PlyCount "96"]

1.e4 c5 2.Nf3 d6 3.d4 cxd4 4.Nxd4 Nf6 5.Nc3 a6 6.a4 Nc6 7.Be2 e5 8.Nf3 Be7
9.O-O O-O 10.Re1 Nb4 11.h3 Be6 12.Bf1 Rc8 13.a5 d5 14.exd5 Nfxd5 15.Nxd5 
Qxd5 16.c3 Qxd1 17.Rxd1 Nc2 18.Ra4 f6 19.Nd2 Rfd8 20.Be2 Rc7 21.Rf1 Rdc8 
22.Bd1 Nb4 23.Bb3 Kf7 24.f4 exf4 25.Bxe6+ Kxe6 26.Nb3 Nd3 27.Bxf4 Rc4 28.
Rxc4 Rxc4 29.Bc1 Bc5+ 30.Kh2 Bd6+ 31.g3 Re4 32.Kg2 Nxc1 33.Nxc1 Re3 34.Rf3
Rxf3 35.Kxf3 Kd5 36.g4 Kc4 37.Ke4 Bc7 38.Kf5 Bxa5 39.Ke6 Bc7 40.Kf7 Bf4 
41.Ne2 Bh6 42.Nd4 a5 43.Kg8 a4 44.Kxh7 Bc1 45.h4 Bxb2 46.h5 Bxc3 47.Nf5 a3
48.Kxg7 Bd2 0-1

[Event "2nd GMA World Cup prel  #2"]
[Site "Moscow URS"]
[Date "1989.??.??"]
[Round "1"]
[White "Lein, Anatoly"]
[Black "Eingorn, Viacheslav"]
[Result "1/2-1/2"]
[WhiteElo "2485"]
[BlackElo "2570"]
[EventDate "1989.05.??"]
[PlyCount "98"]

1.d4 e6 2.Nf3 c5 3.e3 Nf6 4.Bd3 Nc6 5.O-O d5 6.c3 Bd6 7.Nbd2 O-O 8.dxc5 
Bxc5 9.e4 Qc7 10.exd5 exd5 11.Nb3 Bb6 12.Nbd4 Bg4 13.Be2 Nxd4 14.Nxd4 Bxe2
15.Qxe2 Bxd4 16.cxd4 Qc4 17.Qd1 Rac8 18.Bg5 Ne4 19.Bf4 Rfe8 20.Re1 Qb5 21.
f3 Nf6 22.Qd2 Nd7 23.Rxe8+ Rxe8 24.Rc1 Nf8 25.Kf2 Ne6 26.Be3 Qa6 27.b3 Qa3
28.Rc2 h6 29.Qc1 Qa5 30.a4 Qd8 31.g3 a6 32.h4 h5 33.Kg2 Qe7 34.Rc8 Nd8 35.
Bf2 Nc6 36.Rxe8+ Qxe8 37.Qg5 Qe6 38.Qxh5 Na5 39.Qe5 Qxe5 40.dxe5 Nxb3 41.
Kf1 Na5 42.Ke2 b5 43.axb5 axb5 44.Kd3 Nc6 45.f4 f5 46.exf6 gxf6 47.g4 Kg7 
48.h5 Kh6 49.Bh4 Kg7 1/2-1/2

[Event "2nd GMA World Cup prel  #2"]
[Site "Moscow URS"]
[Date "1989.??.??"]
[Round "1"]
[White "Murey, Jacob"]
[Black "Stefansson, Hannes Hlifar"]
[Result "1/2-1/2"]
[WhiteElo "2560"]
[BlackElo "2480"]
[EventDate "1989.05.??"]
[PlyCount "62"]

1.c4 Nf6 2.Nc3 d5 3.d4 c6 4.Nf3 e6 5.Bg5 Nbd7 6.cxd5 cxd5 7.e3 Qa5 8.Bd3 
Bb4 9.O-O Bxc3 10.bxc3 Qxc3 11.Rc1 Qa5 12.Ne5 Nxe5 13.dxe5 Nd7 14.Qc2 Nxe5
15.Qxc8+ Rxc8 16.Rxc8+ Kd7 17.Rxh8 Nxd3 18.Rxh7 Qd2 19.Rxg7 Qxa2 20.h4 Kc6
21.Bf6 Qe2 22.Rg5 Nc5 23.Bd4 Ne4 24.Rg8 b6 25.Rh8 e5 26.Bxe5 Nxf2 27.Rc8+ 
Kb5 28.Bd4 Ng4 29.Rc3 f5 30.h5 Ka6 31.Rc7 Nxe3 1/2-1/2

[Event "2nd GMA World Cup prel  #2"]
[Site "Moscow URS"]
[Date "1989.??.??"]
[Round "1"]
[White "Gurevich, Dmitry"]
[Black "Azmaiparashvili, Zurab"]
[Result "1/2-1/2"]
[WhiteElo "2480"]
[BlackElo "2560"]
[EventDate "1989.05.??"]
[PlyCount "40"]

1.d4 d6 2.e4 g6 3.c4 e5 4.Nf3 Bg7 5.Be2 Nc6 6.Be3 Bg4 7.d5 Bxf3 8.Bxf3 Nd4
9.Qa4+ Kf8 10.Nd2 Nf6 11.Rc1 Nxf3+ 12.gxf3 b6 13.Qc6 a5 14.a3 a4 15.Nb1 
Ng8 16.Nc3 Ne7 17.Qb7 Rb8 18.Qa6 Ra8 19.Qb7 Rb8 20.Qa6 Ra8 1/2-1/2

[Event "2nd GMA World Cup prel  #2"]
[Site "Moscow URS"]
[Date "1989.??.??"]
[Round "1"]
[White "Romanishin, Oleg"]
[Black "Huzman, Alexander"]
[Result "1/2-1/2"]
[WhiteElo "2555"]
[BlackElo "2480"]
[EventDate "1989.05.??"]
[PlyCount "47"]

1.d4 Nf6 2.Nf3 g6 3.c4 Bg7 4.g3 c6 5.Nc3 d5 6.Qb3 O-O 7.Bg2 dxc4 8.Qxc4 
Na6 9.O-O Be6 10.Qa4 Nd5 11.h3 c5 12.dxc5 Nxc5 13.Qh4 Nxc3 14.bxc3 f6 15.
Be3 Rc8 16.Qb4 b6 17.Rfd1 Qe8 18.Bxc5 Rxc5 19.Nd4 Bf7 20.a4 Qb8 21.a5 Rfc8
22.axb6 Qxb6 23.Qa3 Bf8 24.Qxa7 1/2-1/2

[Event "2nd GMA World Cup prel  #2"]
[Site "Moscow URS"]
[Date "1989.??.??"]
[Round "1"]
[White "Karpman, Vadim"]
[Black "Lobron, Eric"]
[Result "1-0"]
[WhiteElo "2480"]
[BlackElo "2555"]
[EventDate "1989.05.??"]
[PlyCount "87"]

1.d4 Nf6 2.c4 d6 3.Nf3 Nbd7 4.Nc3 c6 5.e4 e5 6.Be2 Be7 7.O-O a6 8.Re1 O-O 
9.Bf1 b5 10.a3 Re8 11.b4 Qc7 12.Bg5 h6 13.Bh4 exd4 14.Nxd4 Ne5 15.cxb5 
axb5 16.a4 Qb6 17.a5 Qb7 18.Rb1 Bd7 19.Kh1 Rad8 20.f4 Ng6 21.Bg3 Bf8 22.h3
Qa8 23.Qf3 Bc8 24.Bd3 Bb7 25.Bc2 Qc8 26.Bb3 c5 27.bxc5 dxc5 28.Ndxb5 c4 
29.Bc2 Rd2 30.f5 Rxc2 31.fxg6 fxg6 32.Qd1 Nxe4 33.Nxe4 Ra2 34.Nbc3 Rd8 35.
Qg4 Qxg4 36.hxg4 Bxe4 37.Nxa2 Bxb1 38.Rxb1 Rd3 39.Bc7 Ra3 40.Nb4 Ra4 41.
Nc2 Ra2 42.Nb4 Rd2 43.Be5 Re2 44.Nc6 1-0

[Event "2nd GMA World Cup prel  #2"]
[Site "Moscow URS"]
[Date "1989.??.??"]
[Round "1"]
[White "Lau, Ralf"]
[Black "Vladimirov, Evgeny"]
[Result "0-1"]
[WhiteElo "2475"]
[BlackElo "2550"]
[EventDate "1989.05.??"]
[PlyCount "78"]

1.e4 e6 2.d4 d5 3.Nc3 Bb4 4.e5 c5 5.a3 Bxc3+ 6.bxc3 Ne7 7.Qg4 O-O 8.Bd3 f5
9.exf6 Rxf6 10.Qh5 h6 11.Nf3 Nbc6 12.O-O Bd7 13.Re1 c4 14.Be2 Be8 15.Qh3 
Qa5 16.Bd2 Bg6 17.Bd1 Raf8 18.Re2 Be4 19.Ne5 Nxe5 20.dxe5 Rg6 21.f4 Qb6+ 
22.Qe3 Qb2 23.Rc1 Nf5 24.Qh3 Qb6+ 25.Kf1 h5 26.Rf2 h4 27.Bg4 Qb2 28.Bxf5 
Bxf5 29.Qxh4 Qxa3 30.h3 b5 31.g4 Be4 32.Kg1 d4 33.Kh2 dxc3 34.Be3 Rh6 35.
Qg3 Rg6 36.Qh4 b4 37.f5 exf5 38.gxf5 Rxf5 39.Rxf5 Rg2+ 0-1

[Event "2nd GMA World Cup prel  #2"]
[Site "Moscow URS"]
[Date "1989.??.??"]
[Round "1"]
[White "Razuvaev, Yury"]
[Black "Kochiev, Alexander"]
[Result "1/2-1/2"]
[WhiteElo "2550"]
[BlackElo "2475"]
[EventDate "1989.05.??"]
[PlyCount "55"]

1.d4 Nf6 2.c4 e6 3.Nf3 Bb4+ 4.Bd2 Qe7 5.g3 Bxd2+ 6.Qxd2 d6 7.Bg2 O-O 8.O-O
e5 9.Nc3 Re8 10.e4 Bg4 11.Ne1 Nc6 12.Nc2 exd4 13.Nxd4 Nxd4 14.Qxd4 Qe5 15.
Qd2 Qh5 16.f3 Bh3 17.Bxh3 Qxh3 18.Rad1 Re5 19.Nb5 Qd7 20.Qc3 a6 21.Qxe5 
dxe5 22.Rxd7 Nxd7 23.Rd1 axb5 24.Rxd7 bxc4 25.Rxc7 b5 26.a3 f6 27.Rc5 Rb8 
28.Kf2 1/2-1/2

[Event "2nd GMA World Cup prel  #2"]
[Site "Moscow URS"]
[Date "1989.??.??"]
[Round "1"]
[White "Vyzhmanavin, Alexei"]
[Black "Mikhalchishin, Adrian"]
[Result "1-0"]
[WhiteElo "2550"]
[BlackElo "2475"]
[EventDate "1989.05.??"]
[PlyCount "61"]

1.d4 Nf6 2.c4 g6 3.Nc3 d5 4.cxd5 Nxd5 5.e4 Nxc3 6.bxc3 Bg7 7.Bc4 c5 8.Ne2 
O-O 9.O-O Nc6 10.Be3 Bd7 11.Rc1 Rc8 12.Qd2 Qa5 13.d5 Ne5 14.Bb3 c4 15.Bc2 
e6 16.Rb1 b6 17.f4 Ng4 18.dxe6 fxe6 19.e5 Bc6 20.Nd4 Bd5 21.h3 Nxe3 22.
Qxe3 Qc5 23.h4 Qe7 24.Qg3 Kh8 25.Rbe1 Rfd8 26.Qh3 Qf7 27.h5 gxh5 28.f5 Rg8
29.fxe6 Qe8 30.Rf7 Bh6 31.Rxh7# 1-0

[Event "2nd GMA World Cup prel  #2"]
[Site "Moscow URS"]
[Date "1989.??.??"]
[Round "1"]
[White "Petrosian, Arshak"]
[Black "Csom, Istvan"]
[Result "1/2-1/2"]
[WhiteElo "2475"]
[BlackElo "2545"]
[EventDate "1989.05.??"]
[PlyCount "89"]

1.d4 Nf6 2.c4 e6 3.Nf3 b6 4.a3 Ba6 5.Qc2 Bb7 6.Nc3 c5 7.e4 cxd4 8.Nxd4 d6 
9.Bg5 Nbd7 10.Rd1 a6 11.f4 Qc7 12.f5 e5 13.Nf3 h6 14.Bh4 Be7 15.Bd3 Nc5 
16.Bxf6 Bxf6 17.Be2 Nd7 18.Qd2 Be7 19.Nd5 Bxd5 20.cxd5 O-O 21.Rc1 Qb7 22.
O-O Rfc8 23.Bd3 b5 24.Rxc8+ Rxc8 25.Rc1 Rxc1+ 26.Qxc1 Nc5 27.Qc3 Na4 28.
Qd2 Qc7 29.g3 Bd8 30.Kg2 Qc5 31.b4 Qc8 32.Qc2 Qb7 33.g4 Kf8 34.h4 Qc7 35.
Qxc7 Bxc7 36.Kf2 g6 37.fxg6 fxg6 38.Ke2 Bb6 39.Kd2 Bf2 40.h5 Kg7 41.Kc2 
Kf6 42.Bf1 g5 43.Nd2 Bd4 44.Bd3 Be3 45.Nb3 1/2-1/2

[Event "2nd GMA World Cup prel  #2"]
[Site "Moscow URS"]
[Date "1989.??.??"]
[Round "1"]
[White "Glek, Igor"]
[Black "Khalifman, Alexander"]
[Result "1/2-1/2"]
[WhiteElo "2475"]
[BlackElo "2545"]
[EventDate "1989.05.??"]
[PlyCount "21"]

1.e4 e5 2.Nf3 Nf6 3.Nxe5 d6 4.Nf3 Nxe4 5.Qe2 Qe7 6.d3 Nf6 7.Bg5 Qxe2+ 8.
Bxe2 Be7 9.Nc3 c6 10.O-O-O Na6 11.Rhe1 1/2-1/2

[Event "2nd GMA World Cup prel  #2"]
[Site "Moscow URS"]
[Date "1989.??.??"]
[Round "1"]
[White "Hansen, Curt"]
[Black "Anastasian, Ashot"]
[Result "1/2-1/2"]
[WhiteElo "2545"]
[BlackElo "2475"]
[EventDate "1989.05.??"]
[PlyCount "48"]

1.d4 Nf6 2.c4 e6 3.Nc3 Bb4 4.Qc2 c5 5.dxc5 Nc6 6.Nf3 O-O 7.Bg5 Qa5 8.Bxf6 
gxf6 9.e3 Bxc5 10.Bd3 Kg7 11.O-O Be7 12.Rad1 d6 13.Be2 a6 14.a3 Rd8 15.Rd2
b6 16.Nd4 Bd7 17.b4 Qe5 18.Nf3 Qh5 19.Ne4 Qg6 20.Rfd1 Ne5 21.Nh4 Qh6 22.
Nf3 Qg6 23.Nh4 Qh6 24.Nf3 Qg6 1/2-1/2

[Event "2nd GMA World Cup prel  #2"]
[Site "Moscow URS"]
[Date "1989.??.??"]
[Round "1"]
[White "Smagin, Sergei"]
[Black "Grunberg, Hans-Ulrich"]
[Result "1/2-1/2"]
[WhiteElo "2540"]
[BlackElo "2475"]
[EventDate "1989.05.??"]
[PlyCount "172"]

1.e4 c5 2.c3 d5 3.exd5 Qxd5 4.d4 e6 5.Be3 cxd4 6.cxd4 Nf6 7.Nc3 Qd6 8.Rc1 
Nc6 9.Nf3 Be7 10.Bc4 O-O 11.O-O a6 12.a4 Rd8 13.Qe2 Bd7 14.Rfd1 Nb4 15.Ne5
Nbd5 16.Nxd5 Nxd5 17.a5 Rac8 18.Qf3 Be8 19.Bd2 Bf6 20.Re1 Bb5 21.b3 Bc6 
22.Qh3 Bb5 23.Qh5 Qf8 24.Qf3 Qd6 25.h4 Bxe5 26.dxe5 Qf8 27.h5 h6 28.Re4 
Bxc4 29.bxc4 Nb4 30.Bxb4 Qxb4 31.Rg4 Qb2 32.Re1 Rd4 33.Ree4 Rxe4 34.Rxe4 
Qa1+ 35.Kh2 Qxa5 36.Qg3 Qc5 37.Rg4 Qf8 38.Qe3 Kh8 39.Rf4 Qe7 40.Qb6 Kg8 
41.Rd4 Qg5 42.f4 Qxh5+ 43.Kg3 Qg6+ 44.Kh2 Qh5+ 45.Kg3 Qe2 46.Qxb7 Qe3+ 47.
Kh2 Rf8 48.Re4 Qd3 49.c5 Qc2 50.Qb4 a5 51.Qc4 Qxc4 52.Rxc4 Rc8 53.c6 g5 
54.Kg3 Kg7 55.Kf3 a4 56.Rxa4 Rxc6 57.Ra8 Rc4 58.g3 h5 59.fxg5 Rg4 60.Rb8 
Rxg5 61.Kf4 Rg4+ 62.Kf3 Kg6 63.Rh8 Ra4 64.Rf8 Rb4 65.Ke3 Rb1 66.Kf4 Rf1+ 
67.Ke4 Rf5 68.Rg8+ Kh6 69.Rh8+ Kg7 70.Ra8 Rg5 71.Kf4 Rg4+ 72.Kf3 Rb4 73.
Rc8 Kg6 74.Rf8 Rg4 75.Rh8 Ra4 76.Rf8 Rc4 77.Ke3 Rb4 78.Kf3 Ra4 79.Ke3 Kg5 
80.Rxf7 Ra3+ 81.Kf2 Ra5 82.Rg7+ Kh6 83.Rc7 Rxe5 84.Kf3 Kg6 85.g4 h4 86.Rc8
Kg7 1/2-1/2

[Event "2nd GMA World Cup prel  #2"]
[Site "Moscow URS"]
[Date "1989.??.??"]
[Round "1"]
[White "Gavrikov, Viktor"]
[Black "Lukov, Valentin"]
[Result "1-0"]
[WhiteElo "2535"]
[BlackElo "2470"]
[EventDate "1989.05.??"]
[PlyCount "143"]

1.d4 Nf6 2.c4 c5 3.d5 b5 4.cxb5 a6 5.bxa6 Bxa6 6.Nc3 d6 7.Nf3 g6 8.g3 Bg7 
9.Bg2 O-O 10.O-O Nbd7 11.Rb1 Qa5 12.Bd2 Rfb8 13.Qc2 Nb6 14.b3 Qa3 15.Bc1 
Qa5 16.Rd1 Bb7 17.Bd2 Ne8 18.a4 Nd7 19.e4 Qd8 20.Nb5 Ba6 21.Bf1 Nc7 22.
Nxc7 Bxf1 23.Nxa8 Be2 24.Kg2 Bxd1 25.Rxd1 Rxa8 26.Be1 Rb8 27.Nd2 Qb6 28.
Rb1 Qa6 29.Nc4 Ne5 30.Na3 Qd3 31.Qxd3 Nxd3 32.Nb5 f5 33.exf5 gxf5 34.Bd2 
Kf7 35.Kf3 Ne5+ 36.Ke2 Ng4 37.Rd1 Nf6 38.Be1 Ra8 39.Na3 Rb8 40.Rd3 Ng4 41.
h3 Ne5 42.Re3 f4 43.gxf4 Ng6 44.Rf3 Nh4 45.Rd3 Ra8 46.a5 Bh6 47.Bd2 Kf6 
48.Nc4 Kf5 49.b4 cxb4 50.Rb3 Bxf4 51.Bxb4 Ng6 52.Nb6 Ra6 53.Rc3 Be5 54.Rc7
Bd4 55.Nc8 Nf4+ 56.Kf3 Bf6 57.Rc6 Ra8 58.Nb6 Ra6 59.Nd7 Ra7 60.Nxf6 exf6 
61.Rxd6 Ke5 62.a6 Nxd5 63.Bc5 Ra8 64.a7 Nc7 65.Rd7 Ne6 66.Bb6 f5 67.Rb7 
Nd4+ 68.Bxd4+ Kxd4 69.Rxh7 Ke5 70.h4 Rc8 71.Rc7 Rd8 72.Rc3 1-0

[Event "2nd GMA World Cup prel  #2"]
[Site "Moscow URS"]
[Date "1989.??.??"]
[Round "1"]
[White "Popchev, Milko"]
[Black "Lerner, Konstantin"]
[Result "1/2-1/2"]
[WhiteElo "2465"]
[BlackElo "2535"]
[EventDate "1989.05.??"]
[PlyCount "116"]

1.d4 Nf6 2.Nf3 e6 3.g3 c5 4.c3 b6 5.Bg2 Bb7 6.Nbd2 Be7 7.O-O O-O 8.Re1 d5 
9.Ne5 cxd4 10.cxd4 Nfd7 11.Nd3 Nc6 12.Nf3 Rc8 13.Bd2 Nf6 14.Qa4 Ne4 15.Bf4
a6 16.Rec1 b5 17.Qd1 Qb6 18.Be3 Rfd8 19.Nc5 Nxc5 20.dxc5 Qc7 21.Bh3 Ra8 
22.Bg5 d4 23.Bg2 e5 24.Bxe7 Qxe7 25.Nd2 f5 26.a4 Qe6 27.Qb3 Qxb3 28.Nxb3 
Kf7 29.axb5 axb5 30.Rxa8 Rxa8 31.Bd5+ Kf6 32.f4 Rd8 33.Bxc6 Bxc6 34.Na5 
Bd5 35.b4 Rc8 36.Kf2 g5 37.fxe5+ Kxe5 38.c6 Kd6 39.Rc5 Bxc6 40.Nxc6 Rxc6 
41.Rxf5 Rc2 42.Ke1 d3 43.exd3 Rxh2 44.Rxg5 Kc6 45.Rc5+ Kb6 46.Rf5 Rb2 47.
Rf4 Kc6 48.Rd4 Rg2 49.g4 h6 50.Kf1 Rd2 51.Ke1 Rb2 52.Rf4 Kd5 53.Kd1 Ke5 
54.Re4+ Kd5 55.g5 hxg5 56.Rg4 Rf2 57.Rxg5+ Kd4 58.Rxb5 Kxd3 1/2-1/2

[Event "2nd GMA World Cup prel  #2"]
[Site "Moscow URS"]
[Date "1989.??.??"]
[Round "1"]
[White "Panchenko, Alexander"]
[Black "Gutman, Lev"]
[Result "0-1"]
[WhiteElo "2465"]
[BlackElo "2535"]
[EventDate "1989.05.??"]
[PlyCount "71"]

1.Nf3 Nf6 2.c4 g6 3.b4 Bg7 4.Bb2 O-O 5.e3 c6 6.Be2 d6 7.O-O Qb6 8.a3 a5 9.
b5 a4 10.Nc3 Qa5 11.Rb1 Nbd7 12.d4 Nb6 13.Nd2 Bd7 14.Ba1 c5 15.d5 Bg4 16.
Nce4 Nxe4 17.Nxe4 Bf5 18.Bxg7 Kxg7 19.Qc2 Nd7 20.f4 Nf6 21.Bd3 Bxe4 22.
Bxe4 Nxe4 23.Qxe4 Qc3 24.Ra1 Rae8 25.f5 gxf5 26.Qxf5 Qxe3+ 27.Kh1 Qh6 28.
Qd7 b6 29.Rf3 Qh4 30.Raf1 Qe4 31.Rf4 Qd3 32.h3 Kh8 33.R1f3 Qc2 34.Rxf7 Rg8
35.Rg3 Rxg3 36.Qxe8+ 0-1

[Event "2nd GMA World Cup prel  #2"]
[Site "Moscow URS"]
[Date "1989.??.??"]
[Round "1"]
[White "Timoschenko, Gennady"]
[Black "Dautov, Rustem"]
[Result "1/2-1/2"]
[WhiteElo "2460"]
[BlackElo "2535"]
[EventDate "1989.05.??"]
[PlyCount "49"]

1.d4 Nf6 2.c4 e6 3.Nf3 b6 4.g3 Ba6 5.b3 Bb4+ 6.Bd2 Be7 7.Nc3 d5 8.cxd5 
exd5 9.Bg2 O-O 10.O-O Bb7 11.Qc2 Na6 12.Rfd1 Qc8 13.Bf4 Rd8 14.a3 c5 15.
Qb2 Qe6 16.Rac1 Bf8 17.Na2 Re8 18.Rc2 Rac8 19.Rdc1 Ne4 20.b4 c4 21.Ng5 
Nxg5 22.Bxg5 Nc7 23.Bf4 Nb5 24.Rd1 Qf5 25.a4 1/2-1/2

[Event "2nd GMA World Cup prel  #2"]
[Site "Moscow URS"]
[Date "1989.??.??"]
[Round "1"]
[White "Goldin, Alexander"]
[Black "Tseitlin, Mikhail"]
[Result "1-0"]
[WhiteElo "2535"]
[BlackElo "2460"]
[EventDate "1989.05.??"]
[PlyCount "103"]

1.d4 Nf6 2.c4 g6 3.g3 Bg7 4.Bg2 O-O 5.Nc3 c6 6.e4 d6 7.Nge2 e5 8.O-O Re8 
9.h3 a6 10.dxe5 dxe5 11.Na4 Qxd1 12.Rxd1 b5 13.Nb6 Ra7 14.Be3 Rb7 15.cxb5 
axb5 16.Nxc8 Rxc8 17.b3 b4 18.Nc1 c5 19.Nd3 Nfd7 20.Rac1 Bf8 21.f4 Rbc7 
22.Nxe5 Nxe5 23.fxe5 Nc6 24.Rd5 Nd4 25.Bf1 Be7 26.h4 h5 27.Bc4 Ra8 28.Bxd4
cxd4 29.Rc2 Rca7 30.e6 fxe6 31.Re5 d3 32.Bxd3 Rxa2 33.Rxa2 Rxa2 34.Rxe6 
Bc5+ 35.Kh1 Ra1+ 36.Kg2 Ra2+ 37.Kh1 Ra1+ 38.Kg2 Ra2+ 39.Kh3 Bg1 40.g4 Kf7 
41.Bc4 hxg4+ 42.Kxg4 Kg7 43.e5 Rg2+ 44.Kh3 Rh2+ 45.Kg3 Rd2 46.Re7+ Kh6 47.
e6 Bf2+ 48.Kh3 Rd4 49.Rc7 Rxh4+ 50.Kg2 Bb6 51.e7 Re4 52.Rc6 1-0

[Event "2nd GMA World Cup prel  #2"]
[Site "Moscow URS"]
[Date "1989.??.??"]
[Round "1"]
[White "Popovic, Petar"]
[Black "Bagirov, Vladimir"]
[Result "1-0"]
[WhiteElo "2535"]
[BlackElo "2460"]
[EventDate "1989.05.??"]
[PlyCount "71"]

1.e4 Nf6 2.e5 Nd5 3.d4 d6 4.Nf3 Bg4 5.Be2 e6 6.O-O Be7 7.c4 Nb6 8.Nc3 O-O 
9.Be3 d5 10.c5 Bxf3 11.gxf3 Nc8 12.f4 Nc6 13.f5 exf5 14.Bf3 Bg5 15.Nxd5 f4
16.Bxf4 Bxf4 17.Nxf4 Nxd4 18.Bxb7 Rb8 19.Bg2 Rxb2 20.Qg4 Qe7 21.Rae1 Ne6 
22.Nd5 Qg5 23.Qxg5 Nxg5 24.Nxc7 Rxa2 25.f4 Rc2 26.fxg5 Rxc5 27.Nd5 Re8 28.
Rc1 Rxc1 29.Rxc1 Nb6 30.Nxb6 axb6 31.Bb7 Kf8 32.Rc8 Rxc8 33.Bxc8 f6 34.Bf5
fxg5 35.Bxh7 Kf7 36.Bf5 1-0

[Event "2nd GMA World Cup prel  #2"]
[Site "Moscow URS"]
[Date "1989.??.??"]
[Round "1"]
[White "Petursson, Margeir"]
[Black "Shamkovich, Leonid"]
[Result "1-0"]
[WhiteElo "2530"]
[BlackElo "2450"]
[EventDate "1989.05.??"]
[PlyCount "49"]

1.d4 d5 2.c4 dxc4 3.Nf3 Nf6 4.Nc3 c6 5.a4 Bf5 6.Ne5 e6 7.f3 Bb4 8.e4 Nxe4 
9.fxe4 Qh4+ 10.Ke2 Bg4+ 11.Nxg4 Qxg4+ 12.Kf2 Qh4+ 13.g3 Qf6+ 14.Kg2 O-O 
15.Bxc4 Rd8 16.e5 Qe7 17.Ne4 Nd7 18.Bg5 f6 19.exf6 Nxf6 20.Rf1 Rf8 21.Bh4 
Rae8 22.Rf4 b5 23.Ba2 Kh8 24.Nxf6 gxf6 25.Qf3 1-0

[Event "2nd GMA World Cup prel  #2"]
[Site "Moscow URS"]
[Date "1989.??.??"]
[Round "1"]
[White "Fauland, Alexander"]
[Black "Timoshenko, Georgy"]
[Result "1/2-1/2"]
[WhiteElo "2450"]
[BlackElo "2530"]
[EventDate "1989.05.??"]
[PlyCount "200"]

1.c4 g6 2.d4 Nf6 3.Nc3 Bg7 4.e4 d6 5.Nf3 O-O 6.h3 Na6 7.Be3 e5 8.d5 Nh5 9.
Nh2 Qe8 10.Be2 Nf4 11.Bf3 f5 12.h4 c6 13.dxc6 bxc6 14.Qxd6 Rf6 15.Qd1 Be6 
16.Bxf4 exf4 17.Qe2 Qf7 18.b3 Qc7 19.O-O Rff8 20.Rac1 Rae8 21.Rfd1 Bc8 22.
c5 Qf7 23.Na4 Nc7 24.Qc4 Be6 25.Qb4 fxe4 26.Bxe4 Nd5 27.Qd2 Rd8 28.Qe2 
Rfe8 29.Qf3 Qc7 30.Re1 Bf7 31.Re2 Nf6 32.Rce1 Nxe4 33.Rxe4 Rxe4 34.Qxe4 
Qa5 35.Nf3 Bd5 36.Qe7 Rf8 37.Rd1 Bf6 38.Qd6 Qb4 39.Rxd5 cxd5 40.Qxd5+ Kg7 
41.Kh2 h6 42.h5 gxh5 43.c6 Rd8 44.Qxh5 Qd6 45.Nc5 Qxc6 46.Ne5 Qe8 47.Qg4+ 
Kh8 48.Ng6+ Kh7 49.Nxf4 Be5 50.Qf5+ Kg8 51.Ne6 Bxf4+ 52.Nxf4 Rd6 53.a4 Qd7
54.Qe4 Rd4 55.Qg6+ Kh8 56.Qf6+ Kg8 57.g3 Rd6 58.Nh5 Re6 59.Qf3 Qc6 60.Qf4 
Qd6 61.Qc4 Kh7 62.Qc2+ Kg8 63.Qc4 Kh7 64.Nf4 Re7 65.Qc2+ Kg8 66.Qc8+ Kh7 
67.Qf8 Rd7 68.Qf5+ Kg8 69.Ne6 Re7 70.Qg6+ Kh8 71.Nf4 Qd4 72.Kg2 Qg7 73.Qd6
Re8 74.Nh5 Qg5 75.Nf6 Ra8 76.b4 a6 77.Qd4 Qg7 78.Qd6 Qb7+ 79.Nd5 Kh7 80.
Kh1 Qf7 81.Nf4 Ra7 82.Qd4 Rb7 83.Qe4+ Kg8 84.Kg2 Rb6 85.Qa8+ Kh7 86.Qe4+ 
Kg8 87.Nd5 Rd6 88.Ne7+ Kf8 89.Nf5 Rf6 90.g4 h5 91.Qa8+ Qe8 92.Qa7 Qe4+ 93.
f3 Qe2+ 94.Kg3 Qe5+ 95.Kh4 Rxf5 96.Qa8+ Kg7 97.gxf5 Qh2+ 98.Kg5 Qg3+ 99.
Kxh5 Qh3+ 100.Kg5 Qg3+ 1/2-1/2

[Event "2nd GMA World Cup prel  #2"]
[Site "Moscow URS"]
[Date "1989.??.??"]
[Round "1"]
[White "Klaric, Zlatko"]
[Black "Balashov, Yury"]
[Result "0-1"]
[WhiteElo "2445"]
[BlackElo "2530"]
[EventDate "1989.05.??"]
[PlyCount "64"]

1.d4 d5 2.Bf4 Nf6 3.e3 g6 4.h4 Bg7 5.Nd2 c5 6.c3 Qb6 7.Qb3 Nc6 8.Ngf3 O-O 
9.Ne5 c4 10.Qxb6 axb6 11.Be2 h5 12.e4 b5 13.f3 dxe4 14.fxe4 Nxe5 15.Bxe5 
Bh6 16.Rf1 Bxd2+ 17.Kxd2 Nxe4+ 18.Ke3 Nd6 19.Bxd6 exd6 20.Bf3 Kg7 21.d5 
Re8+ 22.Kd4 Bg4 23.Rf2 Bxf3 24.gxf3 Kf6 25.a4 Kf5 26.Ra3 bxa4 27.Kxc4 
Rec8+ 28.Kb4 Rc5 29.Rd2 b5 30.Rd4 Re8 31.c4 Re2 32.b3 axb3 0-1

[Event "2nd GMA World Cup prel  #2"]
[Site "Moscow URS"]
[Date "1989.??.??"]
[Round "1"]
[White "Cvitan, Ognjen"]
[Black "Ulibin, Mikhail"]
[Result "0-1"]
[WhiteElo "2525"]
[BlackElo "2445"]
[EventDate "1989.05.??"]
[PlyCount "86"]

1.Nf3 Nf6 2.c4 c5 3.g3 b6 4.Bg2 Bb7 5.O-O e6 6.Nc3 Be7 7.d4 cxd4 8.Qxd4 d6
9.Bg5 a6 10.Rfd1 Nbd7 11.Qd2 Qc8 12.b3 O-O 13.Rac1 Rd8 14.h3 Qc7 15.Bf4 
Nc5 16.b4 Nce4 17.Nxe4 Nxe4 18.Qd3 e5 19.Be3 Nf6 20.Qb3 Be4 21.Ne1 Bxg2 
22.Nxg2 h6 23.Nh4 Qb7 24.Nf3 Rac8 25.b5 a5 26.Kh2 Rc7 27.Ne1 d5 28.cxd5 
Rxc1 29.Bxc1 Rxd5 30.Rxd5 Qxd5 31.Qxd5 Nxd5 32.Bb2 e4 33.Nc2 f5 34.Kg2 Kf7
35.Bd4 Bf6 36.f3 Ke6 37.Kf2 Nb4 38.Bxf6 Kxf6 39.Nxb4 axb4 40.Ke3 Ke5 41.
fxe4 fxe4 42.Kd2 Kd4 43.g4 g5 0-1